logo

Bir Sreshtho Munshi Abdur Rouf Library
Jhenaidah Cadet College

100 people who made history / (Record no. 11772)

MARC details
000 -LEADER
fixed length control field 00642nam a2200241 a 4500
001 - CONTROL NUMBER
JCCL Control Number 11772
003 - CONTROL NUMBER IDENTIFIER
JCCL marc code BD-JhCC
005 - DATE AND TIME OF LATEST TRANSACTION
control field 20200903130013.0
008 - FIXED-LENGTH DATA ELEMENTS--GENERAL INFORMATION
fixed length control field 200903b2018 enka|||| ||a| 001 0 eng d
020 ## - INTERNATIONAL STANDARD BOOK NUMBER
International Standard Book Number 9780241376591
035 ## - SYSTEM CONTROL NUMBER
system control number (BD-JhCC)11772
040 ## - CATALOGING SOURCE
Original cataloging agency BD-JhCC
Modifying agency BD-JhCC
041 ## - LANGUAGE CODE
Language code of Book eng
082 ## - DEWEY DECIMAL CLASSIFICATION NUMBER
Classification number 920.02
Author mark and Year GIL 2018
100 ## - MAIN ENTRY--PERSONAL NAME
Personal name Gilliland,Ben
245 ## - TITLE STATEMENT
Title 100 people who made history /
Statement of responsibility, etc Ben Gilliland.
260 ## - PUBLICATION, DISTRIBUTION, ETC. (IMPRINT)
Place of publication, distribution, etc United State
Name of publisher, distributor, etc DK
Date of publication, distribution, etc 2016
300 ## - PHYSICAL DESCRIPTION
Pagination 128 p.:
Other physical details ill
Dimensions 28 cm.
650 ## - SUBJECT ADDED ENTRY--TOPICAL TERM
Topical term or geographic name as entry element Biography
Form subdivision Juvenile literature
General subdivision Scientists
Chronological subdivision Explorers
700 ## - ADDED ENTRY--PERSONAL NAME
Personal name Philip Parker
942 ## - ADDED ENTRY ELEMENTS (KOHA)
Source of classification or shelving scheme Dewey Decimal Classification
Koha item type Books
Holdings
Source of classification or shelving scheme Damaged status Not for loan Home library Current library Shelving location Date of accession Cost, normal purchase price Total Checkouts Full call number Barcode Date last seen Copy number Koha item type
Dewey Decimal Classification   Not For Loan JCC Rouf Library JCC Rouf Library General Stacks 09/03/2020 538.00   920.02 GIL 2018 16000 09/03/2020 C-1 Books

JCC Library | Contacts | JCC Home

Last Update on 23 September 2017
Copyright @ 2017-2020 JCC Rouf Library
Rouf Library, Jhenidah Cadet College (JCC), Bangladesh